000 00723nam a2200181 a 4500
008 160203s1997 ||||||||||||||||| || u
050 _aIBRD(06)DS/1997/1
100 _aKlugman, Jeni, 1964-
245 1 0 _aPoverty in Russia: public policy and private responses
_cEdited by Jeni Klugman
260 _aWashington, D.C.
_c1997
300 _axiv, 281p.: ill
490 _aEDI Development Studies
650 _aPOVERTY--RUSSIA (FEDERATION)
650 _aRUSSIA (FEDERATION)--ECONOMIC CONDITIONS--1991-
650 _aUNEMPLOYMENT--RUSSIA (FEDERATION)
710 _aWorld Bank
995 _FCBU-MAIN LIBRARY (Kitwe)
_M1
_UAVAILABLE
_WFeb 3, 2016
_ZInternational Publications
999 _c54127
_d54127